Absent muses / (Record no. 56864)

MARC details
000 -LEADER
fixed length control field 00801nam a22002417a 4500
005 - DATE AND TIME OF LATEST TRANSACTION
control field 20110922140130.0
008 - FIXED-LENGTH DATA ELEMENTS--GENERAL INFORMATION
fixed length control field 110922t xxu||||| |||| 00| 0 eng d
010 ## - LCCN (DPL NO)
LC control number ENG-103854
020 ## - INTERNATIONAL STANDARD BOOK NUMBER
Terms of availability 300.00
International Standard Book Number 9788189621186
035 ## - SYSTEM CONTROL NUMBER
System control number EN-87387
037 ## - SOURCE OF ACQUISITION
Source of stock number/acquisition DBAD/PUB
040 ## - CATALOGING SOURCE
Original cataloging agency DPL
Language of cataloging Eng
082 ## - DEWEY DECIMAL CLASSIFICATION NUMBER
Classification number 881
100 ## - MAIN ENTRY--PERSONAL NAME
9 (RLIN) 34730
Personal name Chattarji, Sampurna
245 ## - TITLE STATEMENT
Title Absent muses /
Statement of responsibility, etc by Sampurna Chattarji
260 ## - PUBLICATION, DISTRIBUTION, ETC. (IMPRINT)
Place of publication, distribution, etc Mumbai
Name of publisher, distributor, etc Poetrywala
Date of publication, distribution, etc 2010
270 ## - ADDRESS
Address 1701/1702, 6A-Whispering Palms, Lokhandwala Township, Kandivali (E)
City Mumbai
Postal code 400101
300 ## - PHYSICAL DESCRIPTION
Extent 106p.
Dimensions 24cm (pbk)
650 ## - SUBJECT ADDED ENTRY--TOPICAL TERM
9 (RLIN) 34754
700 ## - ADDED ENTRY--PERSONAL NAME
9 (RLIN) 34731
Personal name Sripada, Swatee
942 ## - ADDED ENTRY ELEMENTS (KOHA)
Source of classification or shelving scheme Dewey Decimal Classification
Item type English Books
Call number suffix CHA
Classification part 881
Holdings
Withdrawn status Lost status Source of classification or shelving scheme Damaged status Not for loan Collection code Home library Current library Date acquired Source of acquisition Cost, normal purchase price Total Checkouts Full call number Barcode Date last seen Copy number Cost, replacement price Koha item type
    Dewey Decimal Classification   Not For Loan Non-fiction D.B.Act.Division D.B.Act.Division 22/09/2011 DBAD/PUB 300.00   881 CHA EN-87387 22/09/2011 1 300.00 English Books

© Delhi Public Library
Hit Counter
free hit counter